| 000 | 00363 a2200109 4500 | ||
|---|---|---|---|
| 001 | ART_49278 | ||
| 005 | 20260410162007.0 | ||
| 008 | 260409a | ||
| 245 | 1 | 0 | _aLa relación de confianza y su incidencia en el derecho universal a la salud |
| 100 | 1 | _aHumphreys, Ethel | |
| 773 | 0 |
_tTemas de derecho civil _g- Año 5, N° 7 (jul. 2019) _wREV34778 |
|
| 999 |
_c31816 _d31816 |
||